00605nam a2200193Ia 4500008004100000020001500041082001600056100003700072245003800109250000800147260003900155300002800194500000700222600002700229650001500256942000700271952011800278999001500396240925s9999 xx 000 0 und d a8177584286 a621.382 PRO aProakis, John G.; Salehi, Masoud 0aCommunication Systems Engineering a2nd aIndia:bDorling Kindersleyc,2002. axii,436p.bNAfOriginal aNA aEngineering Technology aTechnology cBK 001040708ETaUITUbUITUd2007-01-16eF.B.Cg535.00l0o621.382 PROpQ6817r2024-09-25 07:14:23w2024-09-25yBK c9316d9316